000 00825nam a2200181Ia 4500
008 100921s9999 xx 000 0 und d
082 _b23422
_a613 थ 85
100 _aकुकडे सुमती.गोगटे प्रमिला.पानसे के.व्हि.
245 _aअन्नशास्त्र.
260 _bकाँन्टीनेंटल बुक सर्व्हीस,पुणे.
_c1985
300 _a296
_bभावे पुस्तक भांडार,पुणे
365 _b35
520 _aतंत्रविज्ञान-आहार-आरोग्य.
630 _aअन्नशास्त्र.
650 _aतंत्रविज्ञान-आहार-आरोग्य.
730 _aअन्नशास्त्र.
942 _cBOOK
999 _c772535
_d772532